Engineering mechanics / (Record no. 11455)

000 -LEADER
fixed length control field 00512cam a2200205 a 4500
020 ## - INTERNATIONAL STANDARD BOOK NUMBER
ISBN 0471902942 (v. 1)
020 ## - INTERNATIONAL STANDARD BOOK NUMBER
ISBN 0471602930 (v. 2)
040 ## - CATALOGING SOURCE
Transcribing agency DLC
082 00 - DEWEY DECIMAL CLASSIFICATION NUMBER
Classification number 620 WIL 1992 A038 Or.
100 1# - MAIN ENTRY--AUTHOR NAME
Personal name Meriam, J. L.
245 10 - TITLE STATEMENT
Title Engineering mechanics /
250 ## - EDITION STATEMENT
Edition statement 3rd ed
260 ## - PUBLICATION, DISTRIBUTION, ETC. (IMPRINT)
Place of publication New York :
Name of publisher Wiley,
Year of publication c1992
300 ## - PHYSICAL DESCRIPTION
Number of Pages 2 v. :
Other physical details col. ill. ;
Dimensions 24 cm
500 ## - GENERAL NOTE
General note "SI/English version."
500 ## - GENERAL NOTE
General note Includes index
650 #0 - SUBJECT ADDED ENTRY--TOPICAL TERM
Topical Term Mechanics, Applied
700 10 - ADDED ENTRY--PERSONAL NAME
Personal name Kraige, L. G.
942 ## - ADDED ENTRY ELEMENTS (KOHA)
Koha item type សៀវភៅភាសាអង់គ្លេស
952 ## - LOCATION AND ITEM INFORMATION (KOHA)
Withdrawn status [LOCAL, KOHA] 0
Holdings
Permanent Location Date acquired Koha item type Lost status Shelving location Barcode Current Location Full call number
Library Block A2017-08-02សៀវភៅភាសាអង់គ្លេស A038A10211Library Block A620 WIL 1992 A038 Or.
មជ្ឈមណ្ឌលឯការនៃសាកលវិទ្យាល័យភូមិន្ទកសិកម្មចំការដូង

Powered by Koha